| 000 | 01001nam a2200289 i 4500 | ||
|---|---|---|---|
| 001 | 176277 | ||
| 003 | ES-MaACL | ||
| 005 | 20250815004217.0 | ||
| 007 | t| | ||
| 008 | 110104s1953 fr ||||1| fre d | ||
| 080 | _a930"18" | ||
| 100 | 1 |
_aDroz, Jacques ( _d1909-1998) _945673 |
|
| 245 | 1 | 2 |
_aL'époque contemporaine. _nI, _pRestaurations et révolutions (1815-1871) / _cpar Jacques Droz, Lucien Genet et Jean Vidalenc. |
| 250 | _a1re éd. | ||
| 260 |
_aParis : _bPresses Universitaires de France, _c1953. |
||
| 300 |
_aXV, 657 p. ; _c20 cm. |
||
| 490 | 1 |
_aClio, introducion aux études historiques ; _v9 |
|
| 500 | _aÍndice. | ||
| 504 | _aBibliografía: p. XI-XV. | ||
| 546 | _aTexto en francés. | ||
| 650 | 7 |
_aHistoria contemporánea _2embne _913393 |
|
| 700 | 1 |
_aGenet, Lucien. _9144590 |
|
| 700 | 1 |
_aVidalenc, Jean. _9144591 |
|
| 830 | 0 | 0 |
_aClio, introducion aux études historiques _v9 _9190003 |
| 852 |
_aES-MaACL _jE-13924 _xOlim P-671 |
||
| 999 |
_c176277 _d176277 |
||